Score 0/14 Timer 02:00
1 Play Today
Scrambled Word Answer % Correct
TABOBOAT
99.6%
IXTATAXI
99.4%
IRANTTRAIN
97.6%
Common Theme:Modes of Transportation
81.9%
CECIBLYBICYCLE
70.2%
SHREOHORSE
69.5%
OEBUTAMILOAUTOMOBILE
67.4%
Scrambled Word Answer % Correct
WUBASYSUBWAY
66%
ELPINARAAIRPLANE
65.9%
PRCTOHEELIHELICOPTER
57.8%
CLEMACAMEL
43.1%
COTREKROCKET
42%
ESIMRUBNASUBMARINE
37.8%
RETSECRATSTREETCAR
19.9%
Remove Ads.
Support Sporcle.
Get the best of Sporcle when you Go Orange. This ad-free experience offers more features, more stats, and more fun while also helping to support Sporcle. Thank you for becoming a member.

You're not logged in!

Compare scores with friends on all Sporcle quizzes.
OR
Log In

Show Comments

Extras

Top Quizzes Today


Score Distribution

Your Account Isn't Verified!

In order to create a playlist on Sporcle, you need to verify the email address you used during registration. Go to your Sporcle Settings to finish the process.

Report this User

Report this user for behavior that violates our Community Guidelines.

Details: